01991cam a2200289Mi 450000100090000000300060000900500170001500800410003202000180007303500170009104000240010804100080013205000230014011000400016324500900020326000410029330000400033449000240037450400510039850503690044952006980081865000270151665000380154394200080158195200970158999900150168610061482CaAEU20251022142553.0211224s2022 enka b 0|1 0 eng d a9781399402132 aon1342542472 aYDXbengcYDXdAEKC aeng aHF5718.3bW76 2022 aBloomsbury (Firm)epublisher92626400aWriting skills for businessb: how to communicate clearly to get your message across. aLondon :bBlomsbury Business,c2022. a95 pages :billustrations ;c18 cm. aBusiness essentials aIncludes bibliographical references and index.0 aAssess yourself: How good are your writing skills? — Why being good at writing matters — Communicating with purpose — Knowing your audience — Some types of written communication — Layout and formatting — Adopting the right tone and style — Grammar, punctuation and spelling — Recap: Writing rules - essential dos — Checking and editing your work. aEverything you need to know about writing for business -- from working out the mesage you want to send, to understanding your audience. As everyone adjusts to new ways of working, using words to engage, inform, persuade, or sell to others is increasingly important. Writing Skills for Business is packed full of quick tips and nuggets of advice on how to communicate better in your writing. From understanding the needs of your intended audience, to selecting the right layout and the most persuasive tone and style, this new guide will help you produce the most effective communications -- whether that's internal reports, business plans, team briefings, social media posts or presentations. 0aBusiness writing95535 0aCommunication in management92095 2lcc 00102lcc4070aTBSbTBSd2025-10-22l0oHF5718.3 BLOpB05715r2025-10-22t1w2025-10-22y1 c5080d5080